El mar en la piedra : una aventura con esclavos y piratas /
Guardado en:
| Autor Principal: | |
|---|---|
| Otros Autores: | |
| Formato: | Libro |
| Publicado: |
Buenos Aires :
Alfaguara,
1998
|
| Series: | Alfaguara Juvenil. Serie Azul
|
| Materias: | |
| Etiquetas: |
Agregar Etiqueta
Sin Etiquetas, Sea el primero en etiquetar este registro!
|
| LEADER | 00971nam a22002775a 4500 | ||
|---|---|---|---|
| 001 | CEM.cems009744 | ||
| 008 | 130507s1998##################000#0#####d | ||
| 005 | 20231206123157.0 | ||
| 245 | 1 | 0 | |a El mar en la piedra : |b una aventura con esclavos y piratas / |c Lucía Laragione ; ilustraciones de Sandra Lavandeira |
| 260 | |a Buenos Aires : |b Alfaguara, |c 1998 | ||
| 300 | |a 111 p. | ||
| 490 | 1 | |a Alfaguara Juvenil. Serie Azul | |
| 500 | |a Desde 12 años | ||
| 020 | |a 9505113439 | ||
| 100 | 1 | |a Laragione, Lucía | |
| 700 | 1 | |a Lavandeira, Sandra, il. | |
| 082 | 0 | 4 | |a A863.4 |
| 653 | |a Literatura | ||
| 653 | |a Literatura argentina | ||
| 653 | |a Literatura juvenil | ||
| 653 | |a Novelas | ||
| 653 | |a Novelas argentinas | ||
| 653 | |a Novelas juveniles | ||
| 859 | |a CEMS |b BIB. CEMS - 11 de abril |h A863.4 |i L32 |p 19977.98 |t Ej.1 | ||
| 859 | |a CEMS |b BIB. CEMS - Inicial y Primaria |h A863.4 |i L32 |k IP |p 2076 |t Ej.1 | ||
| 859 | |a CEMS |b BIB. CEMS - Inicial y Primaria |h A863.4 |i L32 |k IP |p 2077 |t Ej.2 | ||
